countries with the tallest people - Statistics

General Stats
  • This quiz has been taken 55 times
  • The average score is 15 of 20
Answer Stats
Male Female Country % Correct
182.5 (6′0) 168.7 (5′6) Netherlands
94%
179.5 (5′11) 165.6 (5′5) Norway
90%
181.4 (5′11) 167.2 (5′6) Denmark
88%
179.6 (5′11) 165.7 (5′5) Sweden
88%
179.7 (5′11) 165.9 (5′5) Finland
85%
179.7 (5′11) 165.9 (5′5) Germany
85%
181.7 (6′0) 165.5 (5′5) Belgium
79%
181.6 (5′11) 168.7 (5′6) Estonia
77%
181.7 (6′0) 169.8 (5′7) Latvia
75%
179.7 (5′11) 166.6 (5′6) Lithuania
73%
180.9 (5′11) 167.7 (5′6) Serbia
71%
180.6 (5′11) 167.5 (5′6) Slovakia
71%
181.4 (5′11) 168.5 (5′6) Czechia
67%
179.8 (5′11) 166.1 (5′5) Slovenia
67%
179.9 (5′11) 165.6 (5′5) Croatia
65%
180.1 (5′11) 165.9 (5′5) Iceland
63%
179.0 (5′10) 166.3 (5′6) Ukraine
63%
180.5 (5′11) 165.8 (5′5) Bosnia and Herzegovina
60%
178.9 (5′10) 166.3 (5′6) Belarus
56%
179.2 (5′11) 165.9 (5′5) Australia
54%
No matching quizzes found
Score Distribution
Percent of People with Each Score
Percentile by Number Answered
Your Score History
You have not taken this quiz